000 00639nam a2200241Ia 4500
003 OSt
005 20221005130549.0
006 a|||||r|||| 00| 0
007 ta
008 221004b |||||||| |||| 00| 0 eng d
024 _a64607
037 _cTextual
040 _aCRL
_cCRL
_beng
041 _2eng
_aeng
082 _aV1-52:1:D, K7
100 _aMillar Fergus, Etc.
_9638309
245 0 _aRoman empire and its neighbours
260 _c1967
490 _aWeidenfeld and Nicolson universal history; 8
650 _aHISTORY
942 _hV1-52:1:D, K7
_cTEXL
_2cc
999 _c1057653
_d1057653